Normal view
MARC view
Entry Personal Name
001 - CONTROL NUMBER
- control field: 79361
003 - CONTROL NUMBER IDENTIFIER
- control field: dpl
005 - DATE AND TIME OF LATEST TRANSACTION
- control field: 20250306165032.0
008 - FIXED-LENGTH DATA ELEMENTS
- fixed length control field: 250306|| aca||aabn | a|a d
040 ## - CATALOGING SOURCE
- Original cataloging agency: dpl
- Transcribing agency: dpl
100 ## - HEADING--PERSONAL NAME
- Personal name: Soni, Krishna Murari
670 ## - SOURCE DATA FOUND
- Source citation: Work cat.: (dpl)190754: Soni, Krishna Murari, Lord Krishna and His Leadership/, 2015
